| 000 | 00492nam a2200169Ia 4500 | ||
|---|---|---|---|
| 008 | 150121s9999 xx 000 0 und d | ||
| 020 | _a2244-6427 | ||
| 245 |
_aARETE / _h[electronic resource] |
||
| 260 |
_bUniversity of the Immaculate Conception, _c2013. |
||
| 516 | _aElectronic text | ||
| 650 | _aCommunication Arts. | ||
| 650 | _aPhilosophy. | ||
| 650 | _aPsychology. | ||
| 830 | _aPhilippine E-Journals | ||
| 856 | _uhttp://www.ejournals.ph/index.php?journal=ARETE | ||
| 942 | _cEJ | ||
| 999 |
_c276986 _d276986 |
||